Contabilidad nacional / (Registro nro. 8480)

Detalles MARC
000 -LEADER
fixed length control field 01436nam a2200277Ia 4500
003 - CONTROL NUMBER IDENTIFIER
control field OSt
005 - DATE AND TIME OF LATEST TRANSACTION
control field 20210906103929.0
008 - FIXED-LENGTH DATA ELEMENTS--GENERAL INFORMATION
fixed length control field 210310t1960 sp gr 001 0 spa d
040 ## - CATALOGING SOURCE
Original cataloging agency CO-JMCR
Transcribing agency CO-JMCR
041 1# - LANGUAGE CODE
Language code of text/sound track or separate title spa
Language code of original eng
082 04 - DEWEY DECIMAL CLASSIFICATION NUMBER
Classification number 657.61 /
Item number O379c
Edition number 23
100 1# - MAIN ENTRY--PERSONAL NAME
Personal name Ohlsson, Ingvar,
9 (RLIN) 17393
Relator term autor
245 10 - TITLE STATEMENT
Title Contabilidad nacional /
Statement of responsibility, etc. Ingvar Ohlsson ; [traducido del inglés por Fernando M. de Escondrillas]
250 ## - EDITION STATEMENT
Edition statement Segunda edición
260 ## - PUBLICATION, DISTRIBUTION, ETC.
Place of publication, distribution, etc. Madrid :
Name of publisher, distributor, etc. Aguilar,
Date of publication, distribution, etc. 1960
300 ## - PHYSICAL DESCRIPTION
Extent xv, [6] hojas plegables sin numerar, 407 páginas ;
Dimensions 22 cm.
490 0# - SERIES STATEMENT
Series statement Biblioteca de Ciencias Sociales
-- Sección primera Economía
500 ## - GENERAL NOTE
General note Incluye notas a pie de página e índices de autores y de materias.
504 ## - BIBLIOGRAPHY, ETC. NOTE
Bibliography, etc. note Bibliografía: páginas 387-394
505 0# - FORMATTED CONTENTS NOTE
Formatted contents note Condiciones de contabilidad nacional -- Desarrollo reciente de la contabilidad nacional -- El problema de la valoración -- El plan contable -- Los problemas de la periodificación y selección --Renta nacional, producto nocional, y gasto nacional -- La contabilidad nacional en Suecia y el sistema de conceptos de Lindhal -- Elaboración del presupuesto nacional sueco 1947-1952 -- Resumen y conclusiones
546 ## - LANGUAGE NOTE
Language note Traducido del inglés.
650 14 - SUBJECT ADDED ENTRY--TOPICAL TERM
Topical term or geographic name entry element Hacienda pública
9 (RLIN) 17395
General subdivision Contabilidad
650 24 - SUBJECT ADDED ENTRY--TOPICAL TERM
Topical term or geographic name entry element Contabilidad de las rentas nacionales
9 (RLIN) 39988
700 1# - ADDED ENTRY--PERSONAL NAME
Personal name Escondrillas, Fernando M. de,
Relator term traductor
9 (RLIN) 39989
942 ## - ADDED ENTRY ELEMENTS (KOHA)
Source of classification or shelving scheme Dewey Decimal Classification
Koha item type Books
Existencias
Withdrawn status Lost status Source of classification or shelving scheme Damaged status Not for loan Collection code Home library Current library Date acquired Source of acquisition Full call number Barcode Date last seen Copy number Koha item type Total Checkouts Price effective from
    Dewey Decimal Classification     Non-fiction Biblioteca Pública José María del Castillo y Rada Biblioteca Pública José María del Castillo y Rada 04/15/2018 Donación 657.61 / O379c 430006163 05/16/2024 Ej.1 Books    
    Dewey Decimal Classification     Non-fiction Biblioteca Pública José María del Castillo y Rada Biblioteca Pública José María del Castillo y Rada 04/15/2018 Donación 657.61 / O379c 430006164 05/16/2024 Ej.2 Books   09/06/2021